| 000 | 00841nam a2200229 a 4500 | ||
|---|---|---|---|
| 001 | 000042955 | ||
| 005 | 20240412074302.0 | ||
| 008 | 140213s2012 dr r 000 p spa d | ||
| 020 | _a9789945404845 | ||
| 040 |
_aDO-SdBNP _bspa _cBNPHU |
||
| 082 |
_aRD861.44 _bD611L |
||
| 100 | 1 |
_aDisla, Leoni _965265 |
|
| 245 | 1 | 0 |
_aLetanías de un suicida : _b(ficciones de un sacrílego inconfeso) / _cLeoni Disla. |
| 260 |
_aSanto Domingo : _bEdiciones de Cultura ; _bSINACREA, _c2012. |
||
| 300 |
_a157 p. ; _c23 cm. |
||
| 500 | _aIncluye datos biográficos de la autora en la solapa de la cubierta. | ||
| 590 | _aInventariado, 2018/BT | ||
| 650 | 0 |
_aPoesía dominicana _966 |
|
| 650 | 0 |
_aLiteratura dominicana. _967 |
|
| 710 | 2 | 2 |
_aSistema Nacional de Creación Literaria (República Dominicana) _968044 |
| 910 | _aValidado. Control de calidad. MFF | ||
| 999 |
_c42444 _d42444 |
||